Ligue 1 2023-2024: Les Leaders par journée - Statistiques

Statistiques générales
  • Ce quiz a été pris 369 fois
    246 depuis la dernière actualisation
  • Le résultat moyen est 3 sur 5
Statistiques - réponses
Réponse % Correct
AS Monaco
85%
OGC Nice
78%
Stade Brestois
73%
Stade Rennais
64%
Paris SG
34%
Aucun quiz correspondant
Distribution des résultats
% des personnes avec chaque résultat
Percentile par nombre de réponses
Votre historique - résultats
Vous n’avez pas pris ce quiz depuis la dernière actualisation